[Event "WCh-Junior"]
[Site "Gaziantep TUR"]
[Date "2008.08.14"]
[Round "12"]
[White "Brkic,A"]
[Black "Amin,B"]
[Result "0-1"]
[WhiteElo "2530"]
[BlackElo "2561"]
[EventDate "2008.08.03"]

1. e4 e5 2. Nf3 Nc6 3. Bc4 Bc5 4. c3 Nf6 5. d3 a6 6. Bb3 O-O 7. O-O d6 8.
h3 Ba7 9. Re1 Kh8 10. Be3 Bxe3 11. Rxe3 h6 12. d4 Qe7 13. Nbd2 Bd7 14. Bd5
Nd8 15. dxe5 dxe5 16. a4 Rb8 17. a5 Bb5 18. Qb3 Nd7 19. c4 Bc6 20. Qc3 Re8
21. b4 Nf8 22. c5 Bb5 23. Rd1 Ng6 24. g3 Nc6 25. h4 Qf6 26. Nb3 Ba4 27. Ra1
Bxb3 28. Qxb3 Nge7 29. Rd1 Rbd8 30. Rde1 Rd7 31. Kg2 Kg8 32. Bc4 Red8 33.
Nh2 Nd4 34. Qb1 Qg6 35. Rf1 Kh8 36. Nf3 Nxf3 37. Rxf3 Nc6 38. Re3 Rd4 39.
Rc1 Ne7 40. Rf3 f6 41. Re3 f5 42. exf5 Nxf5 43. Kh2 Qf6 44. Rf3 Rxh4+ 45.
gxh4 Qxh4+ 46. Rh3 Qxf2+ 47. Kh1 Ng3+ 48. Rxg3 Rd2 0-1

[Event "WCh-Junior"]
[Site "Gaziantep TUR"]
[Date "2008.08.14"]
[Round "12"]
[White "Sanikidze,T"]
[Black "Laznicka,V"]
[Result "0-1"]
[WhiteElo "2486"]
[BlackElo "2601"]
[EventDate "2008.08.03"]

1. d4 e6 2. c4 b6 3. a3 Bb7 4. Nc3 f5 5. Nh3 Nf6 6. d5 Na6 7. g3 Nc5 8. Bg2
Bd6 9. O-O O-O 10. Qc2 Qe7 11. Bg5 Be5 12. b4 Bxc3 13. Qxc3 Nce4 14. Bxe4
fxe4 15. Nf4 exd5 16. cxd5 Qd6 17. Bxf6 Rxf6 18. Rac1 Rc8 19. Qd4 g5 20.
Nh5 Rf7 21. Rfd1 Rcf8 22. Qxe4 Qg6 23. Qg4 d6 24. h4 gxh4 25. Qxg6+ hxg6
26. Nf4 hxg3 27. fxg3 Re8 28. Ne6 Bc8 29. Nxc7 Rxe2 30. Rf1 Bd7 31. Rxf7
Kxf7 32. Na6 Bb5 33. Nc7 Bd7 34. Na6 Kf6 35. Rc7 Bf5 36. Rxa7 Kg5 37. Rc7
Bd3 38. b5 Bxb5 39. Nb4 Kg4 40. Rc3 Rd2 41. Nc2 Kh3 42. Ne3 Bd3 43. a4 Be4
44. g4 Ra2 45. Rb3 Kg3 46. Rxb6 Kf4 47. Nc4 Bd3 48. Nb2 Kg3 0-1

[Event "WCh-Junior"]
[Site "Gaziantep TUR"]
[Date "2008.08.14"]
[Round "12"]
[White "Lenic,L"]
[Black "Nechepurenko,R"]
[Result "1/2-1/2"]
[WhiteElo "2584"]
[BlackElo "2476"]
[EventDate "2008.08.03"]

1. d4 Nf6 2. c4 g6 3. Nf3 Bg7 4. b4 O-O 5. Bb2 d5 6. e3 c6 7. Be2 Bg4 8.
Nbd2 Nbd7 9. a4 Re8 10. h3 Bxf3 11. Nxf3 Ne4 12. O-O Nb6 13. Qc2 Rc8 14. a5
Nd7 15. Rfc1 e6 16. Bd3 f5 17. Qb3 a6 18. Rc2 Nd6 19. Rac1 dxc4 20. Bxc4
Nxc4 21. Rxc4 Nf6 22. Qd1 Ne4 23. Ne1 Rc7 24. Nd3 Bf6 25. Qe2 Nd6 26. R4c2
Qe7 27. Rd1 Qg7 28. Nc5 Rf7 29. f3 Qh6 30. Qd3 g5 31. e4 fxe4 32. fxe4 Bg7
33. d5 exd5 34. Bxg7 Kxg7 35. exd5 cxd5 36. Qxd5 Nb5 37. Rf2 Rxf2 38. Qd7+
Rf7 39. Qxe8 Qf6 40. Re1 Nd4 41. Kh1 Nf5 42. Ne6+ Kh6 43. Nd8 Re7 44. Rxe7
Nxe7 45. Qd7 Nf5 46. Qe6 Qxe6 47. Nxe6 Kg6 48. Nc5 Nd6 49. Kg1 Kf5 50. Kf1
Ke5 51. Ke2 Kd5 52. Nxb7 Nxb7 53. b5 Nc5 54. bxa6 Nxa6 55. Kf3 h5 56. h4
gxh4 1/2-1/2

[Event "WCh-Junior"]
[Site "Gaziantep TUR"]
[Date "2008.08.14"]
[Round "12"]
[White "Gopal,G"]
[Black "Can,E"]
[Result "1/2-1/2"]
[WhiteElo "2572"]
[BlackElo "2460"]
[EventDate "2008.08.03"]

1. e4 c5 2. Nf3 d6 3. d4 cxd4 4. Nxd4 Nf6 5. Nc3 g6 6. Be3 Bg7 7. f3 a6 8.
Bc4 b5 9. Bb3 Bb7 10. Qd2 Nbd7 11. O-O-O h5 12. Kb1 Nb6 13. Rhe1 Rc8 14.
Bg5 Nc4 15. Bxc4 Rxc4 16. Nb3 Qc7 17. Ne2 b4 18. Rc1 O-O 19. Bh6 d5 20.
Bxg7 Kxg7 21. exd5 Rd8 22. Ng3 Rxd5 23. Qe2 e5 24. Nf1 Rc6 25. Rcd1 Re6 26.
Rxd5 Nxd5 27. Ne3 Nf4 28. Qd2 a5 29. Rd1 h4 30. Qd7 Qxd7 31. Rxd7 Bc6 32.
Rd2 h3 33. g3 Ng2 34. Nxg2 hxg2 35. Rxg2 Bxf3 36. Rf2 e4 37. Nd4 Rd6 38. c3
Bg4 39. Kc2 f5 40. Kd2 bxc3+ 41. bxc3 Kf6 42. Ke3 Rb6 43. c4 Rb1 44. c5 Ke5
45. Nc6+ Kd5 46. Ne7+ Kxc5 47. Rc2+ Kb4 48. Nxg6 Re1+ 49. Kf2 Rh1 50. Ke3
Re1+ 51. Kf2 Rh1 1/2-1/2

[Event "WCh-Junior"]
[Site "Gaziantep TUR"]
[Date "2008.08.14"]
[Round "12"]
[White "Ashwin,J"]
[Black "Iturrizaga,E"]
[Result "1-0"]
[WhiteElo "2436"]
[BlackElo "2561"]
[EventDate "2008.08.03"]

1. e4 c5 2. Nf3 Nc6 3. Nc3 g6 4. d4 cxd4 5. Nxd4 Bg7 6. Be3 Nf6 7. Bc4 O-O
8. Bb3 Qa5 9. f3 d5 10. exd5 Nb4 11. Qd2 Nbxd5 12. Nxd5 Qxd2+ 13. Kxd2 Nxd5
14. Bxd5 Rd8 15. c4 e6 16. Be4 f5 17. Bc2 e5 18. Rhe1 Be6 19. Bd3 exd4 20.
Bf4 Kf7 21. b4 Bf8 22. a3 b6 23. Rab1 Rac8 24. Rec1 Rd7 25. c5 bxc5 26. Ba6
Rc6 27. Bb5 Rb6 28. bxc5 Bxc5 29. Rxc5 1-0

[Event "WCh-Junior"]
[Site "Gaziantep TUR"]
[Date "2008.08.14"]
[Round "12"]
[White "Popov,Iv RUS"]
[Black "Durarbeyli,V"]
[Result "1/2-1/2"]
[WhiteElo "2549"]
[BlackElo "2413"]
[EventDate "2008.08.03"]

1. e4 c5 2. Na3 Nc6 3. Bb5 Nf6 4. d3 g6 5. Nf3 Bg7 6. O-O O-O 7. Re1 Ne8 8.
c3 Nc7 9. Bxc6 dxc6 10. Be3 b6 11. h3 Ne6 12. Qd2 Qc7 13. Rad1 Rd8 14. d4
Bb7 15. Qc1 cxd4 16. cxd4 Rac8 17. Nc2 Rd7 18. b4 Rcd8 19. Rd2 Nf4 20. g3
e5 21. Nxe5 Bxe5 22. gxf4 Bxf4 23. Rdd1 Bh2+ 24. Kg2 c5 25. d5 Rxd5 26.
Rxd5 Rxd5 27. exd5 Bxd5+ 28. Kf1 Bc4+ 29. Kg2 Bd5+ 30. Kf1 1/2-1/2

[Event "WCh-Junior"]
[Site "Gaziantep TUR"]
[Date "2008.08.14"]
[Round "12"]
[White "Sjugirov,S"]
[Black "Sirin,A"]
[Result "1-0"]
[WhiteElo "2545"]
[BlackElo "2107"]
[EventDate "2008.08.03"]

1. e4 c5 2. Nf3 d6 3. d4 cxd4 4. Qxd4 Nc6 5. Bb5 Bd7 6. Bxc6 Bxc6 7. Nc3
Nf6 8. Bg5 e6 9. O-O-O Be7 10. Qd3 O-O 11. Nd4 Qa5 12. f4 Rfd8 13. h4 Rac8
14. Kb1 a6 15. f5 e5 16. Nb3 Qc7 17. Bxf6 gxf6 18. Nd2 Kh8 19. g4 b5 20. g5
Qb7 21. Nd5 Bxd5 22. exd5 Rg8 23. Ne4 Rc4 24. gxf6 Rd4 25. Qf3 Bd8 26. c3
Rxd5 27. Rdg1 1-0

[Event "WCh-Junior"]
[Site "Gaziantep TUR"]
[Date "2008.08.14"]
[Round "12"]
[White "Wen Yang"]
[Black "Akshayraj,K"]
[Result "1-0"]
[WhiteElo "2487"]
[BlackElo "2392"]
[EventDate "2008.08.03"]

1. e4 c5 2. Nf3 Nc6 3. Nc3 d6 4. d4 cxd4 5. Nxd4 Nf6 6. Bg5 e6 7. Qd2 a6 8.
O-O-O Bd7 9. f4 b5 10. Bxf6 gxf6 11. Kb1 Qb6 12. Nxc6 Bxc6 13. f5 b4 14.
Ne2 e5 15. Ng3 h5 16. h4 Be7 17. Bd3 a5 18. Qe2 a4 19. Bc4 Qc5 20. Rh3 Rc8
21. b3 axb3 22. cxb3 Bd8 23. Rc1 Ke7 24. Rhh1 Qa5 25. Ba6 Rc7 26. Bd3 Qa8
27. Nxh5 Ra7 28. g4 Bb6 29. g5 Rxh5 30. gxf6+ Kd8 31. Rxc6 Qxc6 32. Qxh5
Rxa2 33. Kxa2 Bd4 34. Qe2 Qc7 35. Bb5 1-0

[Event "WCh-Junior"]
[Site "Gaziantep TUR"]
[Date "2008.08.14"]
[Round "12"]
[White "Leon Hoyos,M"]
[Black "Kalashian,D"]
[Result "1-0"]
[WhiteElo "2543"]
[BlackElo "2432"]
[EventDate "2008.08.03"]

1. e4 c5 2. Nf3 d6 3. d4 cxd4 4. Nxd4 Nf6 5. Nc3 a6 6. Be2 e6 7. Be3 Be7 8.
Qd2 Qc7 9. g4 b5 10. g5 Nfd7 11. a3 Bb7 12. O-O-O Nc6 13. f4 b4 14. axb4
Nxb4 15. f5 Nc5 16. fxe6 fxe6 17. Bc4 Qa5 18. Nxe6 Nxe6 19. Bxe6 Bxe4 20.
Qd4 Bxh1 21. Qxg7 Rf8 22. g6 Bc6 23. gxh7 Bf6 24. h8=Q Bxg7 25. Qxg7 Qe5
26. Qg6+ Kd8 27. Bb6+ Ke7 28. Bb3 Be8 29. Qh7+ Bf7 30. Qh4+ Kd7 31. Qxb4
Bxb3 32. Qxb3 Qf4+ 33. Kb1 Rab8 34. Nd5 Qg4 35. Re1 Rf7 36. Re7+ Rxe7 37.
Nf6+ Kc6 38. Qd5+ Kxb6 39. Qxd6+ Ka5 40. Nxg4 Reb7 41. b3 Rb6 42. Qc5+ Rb5
43. Qc7+ Kb4 44. Kb2 R5b7 45. c3+ Kb5 46. c4+ 1-0

[Event "WCh-Junior"]
[Site "Gaziantep TUR"]
[Date "2008.08.14"]
[Round "12"]
[White "Hammer,J"]
[Black "Toufighi,H"]
[Result "1-0"]
[WhiteElo "2494"]
[BlackElo "2425"]
[EventDate "2008.08.03"]

1. d4 e6 2. Nf3 Nf6 3. c4 b6 4. g3 Bb7 5. Bg2 Be7 6. O-O O-O 7. Re1 d5 8.
cxd5 exd5 9. Nc3 Nbd7 10. Bf4 c5 11. dxc5 Nxc5 12. Rc1 Nce4 13. Ne5 Nxc3
14. bxc3 Bd6 15. Nd3 Ne4 16. Qb3 Rc8 17. Red1 Bxf4 18. Nxf4 Qf6 19. Bxe4
dxe4 20. Rd7 Qc6 21. Rcd1 Rc7 22. Rxc7 Qxc7 23. Nd5 Bxd5 24. Rxd5 g6 25.
Qb4 Rc8 26. Qd4 h5 27. e3 Qc6 28. Kg2 Qe6 29. h3 Re8 30. a4 Qc6 31. Rd7 Qe6
32. Rxa7 Qf5 33. Qd7 Qf3+ 34. Kg1 Rf8 35. Rb7 h4 36. gxh4 Qf6 37. Qg4 Re8
38. h5 Re5 39. Rb8+ Kg7 40. Qc8 Qg5+ 41. Kh2 Qxh5 42. Qf8+ Kf6 43. Rxb6+
Re6 44. Rxe6+ Kxe6 45. Qe8+ Kd6 46. Qxe4 f5 47. Qd4+ Ke6 48. c4 1-0

[Event "WCh-Junior"]
[Site "Gaziantep TUR"]
[Date "2008.08.14"]
[Round "12"]
[White "Yaksin,O"]
[Black "Arun Prasad,S"]
[Result "1/2-1/2"]
[WhiteElo "2307"]
[BlackElo "2492"]
[EventDate "2008.08.03"]

1. e4 c5 2. Nf3 d6 3. d4 cxd4 4. Nxd4 Nf6 5. Nc3 a6 6. Bg5 e6 7. f4 Nbd7 8.
Qf3 Qc7 9. O-O-O b5 10. Bd3 Bb7 11. Rhe1 Qb6 12. Nd5 Qxd4 13. Bxf6 gxf6 14.
Bxb5 Qc5 15. Nxf6+ Kd8 16. Nxd7 Qxb5 17. Nxf8 Rxf8 18. Qa3 Ke8 19. Qxd6 Qc6
20. Qd4 Qc7 21. f5 Rc8 22. Rd2 Rg8 23. fxe6 fxe6 24. Red1 Rg7 25. h4 Bc6
26. h5 Kf7 27. h6 Rg6 28. Rf1+ Kg8 29. Rf6 Bxe4 30. c3 Re8 31. Rdf2 Rxf6
32. Rxf6 Bg6 33. Qe3 Qd7 34. Qe5 a5 35. a4 Rd8 36. Qxe6+ Qxe6 37. Rxe6 Rf8
38. b4 Rf1+ 39. Kd2 Ra1 40. Ra6 Ra2+ 41. Ke3 axb4 42. cxb4 Kf7 43. Kd4 Rxg2
44. b5 Ke7 45. a5 Rg4+ 46. Kc5 Rg5+ 47. Kb4 Rg4+ 48. Kc5 Rg5+ 1/2-1/2

[Event "WCh-Junior"]
[Site "Gaziantep TUR"]
[Date "2008.08.14"]
[Round "12"]
[White "Sengupta,D"]
[Black "Lin Chen"]
[Result "1/2-1/2"]
[WhiteElo "2454"]
[BlackElo "2417"]
[EventDate "2008.08.03"]

1. e4 c5 2. Nf3 e6 3. c3 d5 4. exd5 Qxd5 5. d4 Nf6 6. Na3 Nc6 7. Nb5 Qd8 8.
dxc5 Bxc5 9. Qxd8+ Kxd8 10. Bf4 Ne4 11. Nbd4 Nxd4 12. Nxd4 Ke7 13. Rd1 Rd8
14. Bd3 Nf6 15. Nf3 Bd7 16. Ne5 Be8 17. O-O Nd5 18. Bc1 f6 19. Nf3 Bg6 20.
Bxg6 hxg6 21. Rfe1 Kf7 22. g3 b5 23. Nd2 Rac8 24. Ne4 Be7 25. h4 Rc6 26.
Rd3 Rdc8 27. Rf3 Ke8 28. Nd2 Kf7 29. Ne4 Ke8 30. Nd2 1/2-1/2

[Event "WCh-Junior"]
[Site "Gaziantep TUR"]
[Date "2008.08.14"]
[Round "12"]
[White "Baratosi,D"]
[Black "Abdulov,Or"]
[Result "1/2-1/2"]
[WhiteElo "2433"]
[BlackElo "2318"]
[EventDate "2008.08.03"]

1. e4 c5 2. Nf3 Nc6 3. c3 d6 4. d4 Nf6 5. Be2 cxd4 6. cxd4 Nxe4 7. d5 Qa5+
8. Nc3 Nxc3 9. bxc3 Nb8 10. O-O g6 11. Qd4 f6 12. Rb1 Bg7 13. Bb5+ Bd7 14.
Bxd7+ Nxd7 15. Re1 Nb6 16. c4 O-O 17. Rxe7 Rae8 18. Bd2 Qxa2 19. Rbe1 Rxe7
20. Rxe7 Qxc4 21. Rxb7 Qxd5 22. Rxa7 Qxd4 23. Nxd4 Re8 24. g3 f5 25. Nb5 d5
26. Be3 Rb8 27. Bd4 Bxd4 28. Nxd4 Re8 29. Rb7 Nc8 30. Rd7 Ne7 31. Nb5 Rb8
32. Nc3 Kf8 33. Nxd5 Nxd5 34. Rxd5 1/2-1/2

[Event "WCh-Junior"]
[Site "Gaziantep TUR"]
[Date "2008.08.14"]
[Round "12"]
[White "Baramidze,D"]
[Black "Djuraev,S"]
[Result "1-0"]
[WhiteElo "2593"]
[BlackElo "2324"]
[EventDate "2008.08.03"]

1. e4 e5 2. Nf3 Nc6 3. Bb5 a6 4. Ba4 Nf6 5. O-O Be7 6. Re1 b5 7. Bb3 d6 8.
c3 O-O 9. h3 Na5 10. Bc2 d5 11. d4 dxe4 12. Nxe5 c5 13. Be3 Bb7 14. Nd2 Qc7
15. Qb1 cxd4 16. Bxd4 Bd6 17. Ng4 Nxg4 18. hxg4 Bh2+ 19. Kh1 Qf4 20. Nf1
Rae8 21. Nxh2 Nc4 22. Qc1 e3 23. fxe3 Qg3 24. e4 f5 25. Qg5 Rf7 26. Nf1
Qxg4 27. Qxg4 fxg4 28. Ne3 Nd2 29. Nxg4 Nxe4 30. Bb3 1-0

[Event "WCh-Junior"]
[Site "Gaziantep TUR"]
[Date "2008.08.14"]
[Round "12"]
[White "Stupak,K"]
[Black "Benidze,D"]
[Result "1/2-1/2"]
[WhiteElo "2458"]
[BlackElo "2389"]
[EventDate "2008.08.03"]

1. d4 Nf6 2. Nf3 e6 3. g3 d5 4. Bg2 c6 5. O-O Be7 6. c4 O-O 7. Nc3 Nbd7 8.
Nd2 b5 9. cxb5 cxb5 10. Nxb5 Qb6 11. Qa4 Bb7 12. Nc3 Bc6 13. Qd1 Qxd4 14.
e4 dxe4 15. Ndxe4 Qxd1 16. Rxd1 Rfc8 17. Be3 Nxe4 18. Nxe4 Nf6 19. Nxf6+
Bxf6 20. Rac1 Bxg2 21. Rxc8+ Rxc8 22. Kxg2 Bxb2 23. Bxa7 h5 24. a4 Rc4 25.
a5 Ra4 26. Rd8+ Kh7 27. Bb6 Bc3 28. Rc8 Ra3 29. Ra8 e5 30. f4 Bd4 31. Ra7
Bxb6 32. axb6 Rb3 1/2-1/2

[Event "WCh-Junior"]
[Site "Gaziantep TUR"]
[Date "2008.08.14"]
[Round "12"]
[White "Swiercz,D"]
[Black "Narmontas,M"]
[Result "1-0"]
[WhiteElo "2456"]
[BlackElo "2369"]
[EventDate "2008.08.03"]

1. Nf3 d5 2. c4 c6 3. e3 Nf6 4. Qc2 e6 5. b3 Bd6 6. Bb2 Nbd7 7. Nc3 a6 8.
d4 O-O 9. Be2 b5 10. O-O Bb7 11. Rfd1 Qe7 12. Rac1 Rac8 13. Qb1 Rfd8 14. h3
Bb8 15. a3 dxc4 16. bxc4 e5 17. c5 exd4 18. exd4 Nf8 19. Re1 Ne6 20. Rcd1
Qc7 21. g3 Re8 22. Bf1 Rcd8 23. Bg2 Bc8 24. Ne4 Nxe4 25. Qxe4 Qd7 26. Qh4
Nf8 27. Qh5 Rxe1+ 28. Rxe1 f6 29. Nd2 Bb7 30. Nb3 Bc7 31. Qe2 Qf7 32. Qe3
Bc8 33. d5 cxd5 34. Nd4 Bd7 35. Qb3 Bc8 36. Nc6 Re8 37. Rxe8 Qxe8 38. Qxd5+
Be6 39. Qe4 Qd7 40. Nd4 Bxh3 41. Bxh3 Qxh3 42. Qd5+ Kh8 43. Qf7 Qc8 44. Nf5
Ne6 45. Ne7 Ng5 46. Qxf6 Nh3+ 47. Kh2 Qg8 48. Nxg8 gxf6 49. Nxf6 Nxf2 50.
Nd5+ 1-0

[Event "WCh-Junior"]
[Site "Gaziantep TUR"]
[Date "2008.08.14"]
[Round "12"]
[White "Enchev,I"]
[Black "Pruijssers,R"]
[Result "0-1"]
[WhiteElo "2367"]
[BlackElo "2452"]
[EventDate "2008.08.03"]

1. Nf3 Nf6 2. c4 g6 3. Nc3 Bg7 4. e4 d6 5. d4 O-O 6. Be2 e5 7. O-O Na6 8.
Be3 Ng4 9. Bg5 Qe8 10. dxe5 dxe5 11. h3 h6 12. Qd2 Nf6 13. a3 Nc5 14. Qc2
Ne6 15. Be3 Nh5 16. Rfd1 f5 17. Bf1 c6 18. exf5 gxf5 19. Ne2 c5 20. Rd5 Nd4
21. Nexd4 cxd4 22. Bxh6 Bxh6 23. Rxe5 Qd8 24. Rd5 Qf6 25. Rxd4 Be6 26. Re1
Rad8 27. Rxd8 Rxd8 28. Qa4 Bd7 29. Qa5 Bc6 30. Re6 Qxe6 31. Qxd8+ Qe8 32.
Qxe8+ Bxe8 33. Bd3 Ng7 34. Nd4 Bc1 35. b3 Bd7 36. Nc2 Kf7 37. g3 Kf6 38. a4
Ne6 39. Nb4 Nd4 40. Nd5+ Kf7 41. b4 Bxa4 42. b5 Bb3 43. f4 Nxb5 44. cxb5
Bxd5 45. Bxf5 Be3+ 46. Kh2 a5 47. bxa6 bxa6 48. Bc2 a5 49. Ba4 Bf3 50. h4
Bg4 51. Kg2 Ke6 52. Bb3+ Kd6 53. Ba4 Kc5 54. f5 Kb4 0-1

[Event "WCh-Junior"]
[Site "Gaziantep TUR"]
[Date "2008.08.14"]
[Round "12"]
[White "Pacher,M"]
[Black "Georgescu,T"]
[Result "1/2-1/2"]
[WhiteElo "2361"]
[BlackElo "2442"]
[EventDate "2008.08.03"]

1. e4 c5 2. Nf3 d6 3. d4 cxd4 4. Nxd4 Nf6 5. Nc3 g6 6. Be3 Bg7 7. f3 Nc6 8.
Qd2 O-O 9. O-O-O d5 10. Kb1 Nxd4 11. e5 Nf5 12. exf6 Bxf6 13. Nxd5 Qxd5 14.
Qxd5 Nxe3 15. Qd2 Nxd1 16. Qxd1 Be6 17. Bb5 a6 18. Ba4 Rfd8 19. Qe2 Rd4 20.
Bb3 Bxb3 21. axb3 Rad8 22. g3 h5 23. f4 R8d5 24. Qf3 e6 25. h3 a5 26. g4 b6
27. Qe3 b5 28. f5 exf5 29. gxh5 f4 30. Qe8+ Kg7 31. h6+ Kxh6 32. Qxf7 Bh4
33. Ka2 Rf5 34. Qe6 Rd8 35. Rg1 Bg3 36. c4 Rdf8 37. c5 R5f6 38. Qg4 Bf2 39.
Qg5+ Kh7 40. Rf1 Rf5 41. Qe7+ R8f7 42. Qe8 Bxc5 43. Qxb5 Ba7 44. Qc4 Kg7
45. Qe4 Bc5 46. Rxf4 Rxf4 47. Qe5+ Kh6 1/2-1/2

[Event "WCh-Junior"]
[Site "Gaziantep TUR"]
[Date "2008.08.14"]
[Round "12"]
[White "Alvarez Ramirez,M"]
[Black "Ronchetti,N"]
[Result "1/2-1/2"]
[WhiteElo "2194"]
[BlackElo "2434"]
[EventDate "2008.08.03"]

1. d4 d5 2. c4 dxc4 3. Nf3 Nf6 4. e3 e6 5. Bxc4 c5 6. O-O a6 7. Bb3 cxd4 8.
exd4 Nc6 9. Nc3 Be7 10. Bg5 O-O 11. Qd2 Na5 12. Bc2 b5 13. Qf4 Bb7 14. Rad1
Rc8 15. d5 Bxd5 16. Nxd5 Nxd5 17. Rxd5 Qxd5 18. Bxe7 Rc4 19. Qe3 Re8 20.
Rd1 Rxc2 21. Rxd5 exd5 22. h4 Nc6 23. Qd3 Rc1+ 24. Kh2 Nxe7 25. Ng5 Ng6 26.
h5 Nf8 27. Qxd5 Rc7 28. h6 gxh6 29. Ne4 Re6 30. Qf5 Rcc6 31. f3 Rg6 32. g4
Rge6 33. Kg3 Ng6 34. Qd5 Rc1 35. Qd8+ Nf8 36. Qd4 Rcc6 37. b3 Rg6 38. Qd5
Rc1 39. Qd4 Rcc6 40. f4 h5 41. g5 h6 42. Kh4 hxg5+ 43. fxg5 Nh7 44. Qd8+
Kg7 45. Qd4+ Kg8 46. Kxh5 Rce6 47. Qd8+ Kg7 48. Qd4+ Kg8 49. Qd8+ Kg7 50.
Qd4+ Kg8 51. Qd8+ Kg7 52. Qd4+ Kg8 53. Qd8+ 1/2-1/2

[Event "WCh-Junior"]
[Site "Gaziantep TUR"]
[Date "2008.08.14"]
[Round "12"]
[White "Vishnu,P"]
[Black "Potapov,P"]
[Result "0-1"]
[WhiteElo "2341"]
[BlackElo "2418"]
[EventDate "2008.08.03"]

1. e4 c5 2. Nf3 Nc6 3. Nc3 e5 4. Bc4 Be7 5. d3 Nf6 6. O-O d6 7. Ng5 O-O 8.
f4 Bg4 9. Qe1 exf4 10. Bxf4 Nd4 11. Qh4 h6 12. Nxf7 Rxf7 13. Bxf7+ Kxf7 14.
Bxh6 Be6 15. Qh5+ Kg8 16. Qg6 Qf8 17. Rf2 Bf7 18. Qg3 Nh5 19. Qg4 Nf6 20.
Qg3 Nh5 21. Qg4 Qc8 22. Qxc8+ Rxc8 23. Be3 Nc6 24. Raf1 Nf6 25. h3 Be6 26.
Bg5 Nd4 27. a3 a6 28. Be3 Nc6 29. g4 b5 30. Ne2 Ne5 31. Nf4 Bf7 32. Ne2
Nfd7 33. Rg2 d5 34. Ng3 dxe4 35. dxe4 g6 36. Ne2 Kg7 37. Nf4 Rh8 38. g5 a5
39. b3 c4 40. bxc4 Bxc4 41. Rd1 Rf8 42. Nd3 Kg8 43. Bc1 Nxd3 44. cxd3 Bb3
45. Re1 Ne5 46. Ree2 Nxd3 47. Be3 Bc4 48. Rd2 Bxa3 49. Bd4 Bb4 0-1

[Event "WCh-Junior"]
[Site "Gaziantep TUR"]
[Date "2008.08.14"]
[Round "12"]
[White "Rombaldoni,D"]
[Black "Anton,T"]
[Result "1-0"]
[WhiteElo "2418"]
[BlackElo "2353"]
[EventDate "2008.08.03"]

1. b3 e5 2. Bb2 Nc6 3. e3 Nf6 4. Bb5 Bd6 5. Ne2 Ne7 6. f4 exf4 7. Nxf4 c6
8. Bd3 Ng6 9. Nh5 Nxh5 10. Qxh5 O-O 11. O-O Bc7 12. Ba3 d6 13. Nc3 Re8 14.
Rxf7 Re5 15. Qf3 Be6 16. Rf1 Bxf7 17. Qxf7+ Kh8 18. Bxg6 hxg6 19. Bb2 Qe7
20. Ne2 Re6 21. Bxg7+ Kh7 22. Bc3+ Kh6 23. Qf4+ g5 24. Qf3 Kg6 25. Qf5+ 1-0

[Event "WCh-Junior"]
[Site "Gaziantep TUR"]
[Date "2008.08.14"]
[Round "12"]
[White "Dragicevic,Draz"]
[Black "Vocaturo,D"]
[Result "1/2-1/2"]
[WhiteElo "2302"]
[BlackElo "2417"]
[EventDate "2008.08.03"]

1. e4 c5 2. Nf3 d6 3. d4 cxd4 4. Nxd4 Nf6 5. Nc3 g6 6. Be3 Bg7 7. f3 O-O 8.
Qd2 Nc6 9. Bc4 Bd7 10. O-O-O Rc8 11. Bb3 Ne5 12. h4 h5 13. Bg5 Rc5 14. Kb1
Re8 15. g4 hxg4 16. f4 Nc4 17. Qd3 Qc8 18. Bxf6 Bxf6 19. Nd5 Bg7 20. h5 e6
21. Nc3 gxh5 22. f5 exf5 23. exf5 Re3 24. Qf1 Rxc3 25. bxc3 Ne3 26. Qf4
Nxd1 27. Rxd1 Re5 28. Kb2 b5 29. f6 Bf8 30. a3 a5 31. Qd2 Qc5 32. Qf4 Rg5
33. Re1 Re5 34. Rf1 b4 35. cxb4 axb4 36. axb4 Qxb4 37. c3 Qb6 38. Re1 Qc5
39. Ra1 Re8 40. Ra7 Rd8 41. Qe4 d5 42. Qf4 Qxa7 43. Qg5+ Kh8 44. Qxh5+ Kg8
45. Qg5+ 1/2-1/2

[Event "WCh-Junior"]
[Site "Gaziantep TUR"]
[Date "2008.08.14"]
[Round "12"]
[White "Oliver,G"]
[Black "Khamrakulov,D"]
[Result "0-1"]
[WhiteElo "2196"]
[BlackElo "2554"]
[EventDate "2008.08.03"]

1. d4 Nf6 2. c4 e6 3. Nc3 d5 4. Nf3 Be7 5. Bg5 O-O 6. e3 Nbd7 7. Qc2 c6 8.
Bd3 Re8 9. O-O h6 10. Bh4 dxc4 11. Bxc4 b5 12. Bd3 a5 13. Rfd1 Qb6 14. Ne4
Bb7 15. Nxf6+ Nxf6 16. Ne5 Bd6 17. Bxf6 gxf6 18. Bg6 Re7 19. Bxf7+ Rxf7 20.
Nxf7 Kxf7 21. Qh7+ Ke8 22. e4 Qc7 23. Qg8+ Kd7 24. Qf7+ Kd8 25. Qxf6+ Qe7
26. Qxh6 Kd7 27. Rd3 Bc7 28. Re1 Rd8 29. Qh3 Kc8 30. d5 cxd5 31. exd5 Bxd5
32. Rc1 Kb7 33. Rdc3 Bf4 34. Rd1 Qg7 35. g3 Be5 36. Rc5 Kb6 37. Rdc1 Bd6
38. R5c2 Rh8 39. Qf1 Qd4 40. a4 bxa4 41. Rc3 Qe4 42. f3 Qd4+ 43. Kh1 Bxg3
44. R1c2 Be5 45. Rd3 Qf4 46. Qg1+ Kb7 47. Qg2 Kb8 48. Kg1 Qb4 49. Qf1 Bxb2
50. Qf2 a3 0-1

[Event "WCh-Junior"]
[Site "Gaziantep TUR"]
[Date "2008.08.14"]
[Round "12"]
[White "Tomczak,J"]
[Black "McPhillips,K"]
[Result "1-0"]
[WhiteElo "2451"]
[BlackElo "2221"]
[EventDate "2008.08.03"]

1. e4 c5 2. Nf3 Nc6 3. d4 cxd4 4. Nxd4 g6 5. c4 Bg7 6. Be3 Nf6 7. Nc3 Ng4
8. Qxg4 Nxd4 9. Qd1 Ne6 10. Rc1 Qa5 11. Bd3 b6 12. O-O Bb7 13. Qe2 g5 14.
Bb1 Qe5 15. b3 Rd8 16. Nd5 Qb8 17. Qh5 Be5 18. g3 h6 19. f4 Ng7 20. Qh3
gxf4 21. gxf4 Bd6 22. e5 Bc5 23. Bxc5 bxc5 24. Rce1 Rg8 25. Bh7 Rh8 26.
Qxh6 Ne6 27. Qh4 Bxd5 28. cxd5 Nf8 29. d6 Ng6 30. Qh6 Qb4 31. Qg7 Qd4+ 32.
Rf2 1-0

[Event "WCh-Junior"]
[Site "Gaziantep TUR"]
[Date "2008.08.14"]
[Round "12"]
[White "Lortkipanidze,N"]
[Black "Kulakov,V"]
[Result "0-1"]
[WhiteElo "2080"]
[BlackElo "2360"]
[EventDate "2008.08.03"]

1. e4 c6 2. d4 d5 3. e5 Bf5 4. h4 h5 5. c4 e6 6. Nc3 dxc4 7. Bxc4 Ne7 8.
Nge2 Nd5 9. Bxd5 cxd5 10. Bg5 Qb6 11. O-O Nc6 12. Na4 Qa6 13. a3 Qd3 14.
Nac3 Be7 15. Bxe7 Kxe7 16. Qb3 Qa6 17. Nb5 Bc2 18. Qxc2 Qxb5 19. Rac1 Rac8
20. Qd2 Kd7 21. Rc5 Qb3 22. Rc3 Qb6 23. Rfc1 Rhf8 24. Rc5 Qb3 25. R1c2 g6
26. R2c3 Qa4 27. Qc1 Kc7 28. b3 Qa6 29. Nf4 Kb8 30. b4 Ne7 31. b5 Qa4 32.
Rxc8+ Rxc8 33. Rxc8+ Nxc8 34. Qc5 Qd1+ 35. Kh2 Qd2 36. Kg3 b6 37. Qf8 Qc3+
38. f3 Qxd4 39. Qxf7 Qxe5 40. Qxe6 Qxe6 41. Nxe6 Nd6 42. Kf4 Nxb5 43. Ke5
Nxa3 44. Nf4 Nc2 45. Nxg6 a5 46. Ne7 a4 47. Nxd5 a3 48. Nc3 b5 49. g4 b4
50. gxh5 bxc3 51. h6 a2 52. h7 a1=Q 53. h8=Q+ Kb7 54. Qh7+ Kb6 55. Qxc2 Qb2
56. Qg6+ Ka5 57. Kf4 Qh2+ 58. Kf5 Qc2+ 59. Kf6 Qxg6+ 60. Kxg6 c2 61. h5
c1=Q 62. h6 Qg1+ 63. Kf7 Qg5 64. h7 Qh6 0-1

[Event "WCh-Junior"]
[Site "Gaziantep TUR"]
[Date "2008.08.14"]
[Round "12"]
[White "Neimer,V"]
[Black "Rzayev,B"]
[Result "1/2-1/2"]
[WhiteElo "2316"]
[BlackElo "2245"]
[EventDate "2008.08.03"]

1. e4 c5 2. Nc3 Nc6 3. g3 g6 4. Bg2 Bg7 5. d3 d6 6. f4 e6 7. Nf3 Nge7 8.
O-O O-O 9. Be3 Nd4 10. e5 Nef5 11. Bf2 Nxf3+ 12. Qxf3 dxe5 13. Bxc5 Re8 14.
fxe5 Bxe5 15. Kh1 Qc7 16. d4 Bxd4 17. Bxd4 Nxd4 18. Qf2 Nc6 19. Ne4 Rd8 20.
Nf6+ Kg7 21. g4 h6 22. Rad1 Qe7 23. Rde1 e5 24. Nd5 Rxd5 25. Bxd5 Be6 26.
Bxe6 Qxe6 27. b3 Rd8 28. Qg2 Rd4 29. Re4 Rd6 30. h3 Qd7 31. Re2 f6 32. Ref2
Ne7 33. c4 b6 34. b4 Qc8 35. Rc2 Rd4 36. c5 b5 37. c6 Nd5 38. Qf2 h5
1/2-1/2

[Event "WCh-Junior"]
[Site "Gaziantep TUR"]
[Date "2008.08.14"]
[Round "12"]
[White "Martins,Vin"]
[Black "Ilic,Sla"]
[Result "1-0"]
[WhiteElo "2292"]
[BlackElo "2081"]
[EventDate "2008.08.03"]

1. e4 Nf6 2. e5 Nd5 3. d4 d6 4. c4 Nb6 5. exd6 cxd6 6. Be3 g6 7. Nc3 Bg7 8.
Rc1 O-O 9. b3 e5 10. d5 f5 11. f3 N8d7 12. Bd3 Kh8 13. Nge2 Nf6 14. O-O f4
15. Bd2 g5 16. h3 h5 17. Kf2 g4 18. hxg4 Nxg4+ 19. fxg4 Qh4+ 20. Kg1 hxg4
21. Be1 g3 22. Nxg3 fxg3 23. Rxf8+ Bxf8 24. Bxg3 Qh6 25. Rc2 Be7 26. Be1
Bd7 27. Bd2 Qg7 28. Qh5+ Kg8 29. Bh6 Bg4 30. Qh2 Qf6 31. Ne4 Qg6 32. Rf2
Bf5 33. Rxf5 1-0